Nazionale Italiana europei 2021 - Statistics

Statistiche generali
  • Questo quiz è stato fatto 297 volte
    273 dall'ultimo reset
  • Il punteggio medio è 20 su 26
Statistiche sulle risposte
Numero Giocatore % Corretto
21 Gianluigi Donnarumma
99%
3 Giorgio Chiellini
97%
19 Leonardo Bonucci
97%
17 Ciro Immobile
95%
14 Federico Chiesa
93%
10 Lorenzo Insigne
91%
18 Nicolò Barella
89%
4 Leonardo Spinazzola
83%
26 Alex Meret
82%
2 Giovanni Di Lorenzo DIF
82%
1 Salvatore Sirigu POR
82%
8 Jorginho
81%
6 Marco Verratti
79%
12 Matteo Pessina
78%
5 Manuel Locatelli CEN
77%
23 Alessandro Bastoni
75%
9 Andrea Belotti ATT
75%
13 Emerson
71%
11 Domenico Berardi
69%
20 Federico Bernardeschi
68%
15 Francesco Acerbi
65%
24 Alessandro Florenzi
59%
22 Giacomo Raspadori
58%
16 Bryan Cristante
56%
25 Rafael Toloi
45%
7 Gaetano Castrovilli
37%
Nessun quiz corrispondente trovato
Distribuzione punteggi
Percentuale di utenti per punteggio
Percentile per numero di risposta
I tuoi punteggi nel tempo
Non hai fatto questo quiz dall'ultimo reset